Every Premier League Goalscorer for Manchester City - Statistics

General Stats
  • This quiz has been taken 1,060 times
    13 since last reset
  • The average score is 55 of 166
Answer Stats
Player % Correct
Alf-Inge Haaland
92%
Bernardo Silva
92%
Erling Haaland
92%
Sergio Agüero
92%
David Silva
85%
İlkay Gündoğan
85%
Phil Foden
85%
Rodri
85%
Vincent Kompany
85%
Antoine Semenyo
77%
Bradley Wright-Phillips
77%
Carlos Tévez
77%
Gabriel Jesus
77%
Jack Grealish
77%
Kevin De Bruyne
77%
Kyle Walker
77%
Rayan Cherki
77%
Rúben Dias
77%
Shaun Wright-Phillips
77%
Fernandinho
69%
Jesús Navas
69%
69%
João Cancelo
69%
John Stones
69%
Matheus Nunes
69%
Nathan Aké
69%
Omar Marmoush
69%
Tijjani Reijnders
69%
Aleksandar Kolarov
62%
Gareth Barry
62%
Javi García
62%
Jérémy Doku
62%
Joško Gvardiol
62%
Julián Álvarez
62%
Leroy Sané
62%
Manuel Akanji
62%
Nico González
62%
Nico O'Reilly
62%
Raheem Sterling
62%
Robinho
62%
Yaya Touré
62%
Adam Johnson
54%
Álvaro Negredo
54%
Fernando
54%
Ferran Torres
54%
Gaël Clichy
54%
Kolo Touré
54%
Michael Johnson
54%
Nicolás Otamendi
54%
Oscar Bobb
54%
Pablo Zabaleta
54%
Rico Lewis
54%
Benjamin Mendy
46%
Edin Džeko
46%
James Milner
46%
Joleon Lescott
46%
Martín Demichelis
46%
Micah Richards
46%
Nolito
46%
Riyad Mahrez
46%
Samir Nasri
46%
Savinho
46%
Aymeric Laporte
38%
Elano
38%
Emmanuel Adebayor
38%
Frank Lampard
38%
Marc Guéhi
38%
Mario Balotelli
38%
Mateo Kovačić
38%
Nicolas Anelka
38%
Nigel de Jong
38%
Robbie Fowler
38%
Andy Cole
31%
Kelechi Iheanacho
31%
Patrick Vieira
31%
Richard Dunne
31%
Shaun Goater
31%
Stephen Ireland
31%
Wilfried Bony
31%
Daniel Sturridge
23%
Danilo
23%
Fabian Delph
23%
Georgi Kinkladze
23%
Jihai Sun
23%
Paul Dickov
23%
Roque Santa Cruz
23%
Vedran Ćorluka
23%
Albert Riera
15%
Bernardo Corradi
15%
Craig Bellamy
15%
Danny Mills
15%
David Sommeil
15%
David White
15%
Eyal Berkovic
15%
George Weah
15%
Jack Rodwell
15%
James McAtee
15%
Joey Barton
15%
Jon Macken
15%
Marc-Vivien Foé
15%
Martin Petrov
15%
Niall Quinn
15%
Paulo Wanchope
15%
Rolando Bianchi
15%
Stefan Savić
15%
Stevan Jovetić
15%
Steve Lomas
15%
Sylvain Distin
15%
Trevor Sinclair
15%
Uwe Rösler
15%
Ali Benarbia
8%
Andrei Kanchelskis
8%
Andy Hill
8%
Andy Morrison
8%
Antoine Sibierski
8%
Benjani Mwaruwari
8%
Ched Evans
8%
Claudio Reyna
8%
Darius Vassell
8%
Darren Huckerby
8%
David Rocastle
8%
Émile Mpenza
8%
Felipe Caicedo
8%
Fitzroy Simpson
8%
Garry Flitcroft
8%
Gélson Fernandes
8%
Georgios Samaras
8%
Geovanni
8%
Gerard Wiekens
8%
Gerry Creaney
8%
Hatem Trabelsi
8%
Ian Brightwell
8%
Javier Garrido
8%
Keith Curle
8%
Kelvin Etuhu
8%
Kevin Horlock
8%
Kiki Musampa
8%
Kit Symons
8%
Lee Croft
8%
Mark Kennedy
8%
Maurizio Gaudino
8%
Michael Tarnat
8%
Michel Vonk
8%
Mike Sheron
8%
Mikhail Kavelashvili
8%
Nicky Summerbee
8%
Niclas Jensen
8%
Nigel Clough
8%
Paul Bosvelt
8%
Paul Walsh
8%
Peter Beagrie
8%
Rick Holden
8%
Steffen Karl
8%
Steve Howey
8%
Steve McMahon
8%
Valeri Bojinov
8%
Willo Flood
8%
Adie Mike
0%
Alan Kernaghan
0%
Carl Griffiths
0%
DaMarcus Beasley
0%
Danny Tiatto
0%
Jeff Whitley
0%
Nedum Onuoha
0%
Spencer Prior
0%
Terry Phelan
0%
No matching quizzes found
Score Distribution
Percent of People with Each Score
Percentile by Number Answered
Your Score History
You have not taken this quiz since the last reset